MDQL
is popping MORE tags! Check the
thread
!
Quizzes
Events
Quiz Creation
Community
Videos
Private Events
Remove Ads
Sign In
Join for FREE
Feedback
Dark Mode
Quiz Categories
Sports
Geography
Music
Movies
Television
Just For Fun
Miscellaneous
History
Literature
Language
Science
Gaming
Entertainment
Religion
Holiday
For Kids
Quiz Lab
Recent
Popular Today
Quiz Kudos Today
Editor Picks
Curator Picks
Quizzes by...
Day
Popularity
Type
Ratings
Length
Year
Community
Subscriptions
Recent Discussions
Orange Saloon
Badges
Playlists
Quests
Create
Leaderboards
Showdown
Live 5
Trivia Bingo
Activity
Puzzle Library
Sporcle Events
Private Events
Virtual Trivia
Globe League
Become a Host
Pub Owners
SporcleCon
Opinionation
Our Games
Videos
Blog
Mobile Apps
Partnerships
Remove Ads and Go Orange
Feedback
Music
Pop Music
The Beatles
Song
Album
Lyrics
Bands
Singers
Artist
Clip
Rock
Rap
Classical
Billboard
Country Music
Kpop
Taylor Swift
Music
Pop Music
The Beatles
Song
Album
Lyrics
Bands
Singers
Artist
Clip
Rock
Rap
Classical
Billboard
Country Music
Kpop
Taylor Swift
Random Quiz
Search Sporcle
×
Quiz Lab
Quiz Lab
Music
Hunger
Type in answers that appear in a list
Type in answers that appear in a list
Classic
Best Score? Go Orange.
Hunger Games: Rue's lullaby Stats
Can you name the Can you name the lyrics to Rue's lullaby??
By
percyj13
4m
129 Questions
41 Plays
41 Plays
41 Plays
Comments
Comments
Give Quiz Kudos
Give Quiz Kudos
-
- Ratings
hide this ad
Random Order
Randomize order of answers
Randomize order of answers
Replay
Link that replays current quiz
Next Quiz
Link to next quiz in quiz playlist
You Got
0%
They Got
Avg Score
60%
Avg Friend Score
Upgrade to see
Score Distribution
Jump to the score distribution portion of the page
Score
0/129
Timer
04:00
0
Plays Today
Hint
Answer
% Correct
Word:
the
97.6%
Word:
the
97.6%
Word:
a
97.6%
Word:
a
97.6%
Word:
and
97.6%
Word:
and
97.6%
Word:
the
97.6%
Word:
the
97.6%
Word:
and
97.6%
Word:
the
97.6%
Word:
the
97.6%
Word:
a
97.6%
Word:
a
97.6%
Word:
and
97.6%
Word:
and
97.6%
Word:
the
97.6%
Word:
and
97.6%
Word:
the
97.6%
Word:
I
90.2%
Word:
I
90.2%
Word:
in
82.9%
Word:
in
82.9%
Word:
Deep
80.5%
Word:
Deep
80.5%
Word:
will
75.6%
Word:
meadow
73.2%
Word:
you
73.2%
Word:
you
73.2%
Word:
meadow
73.2%
Word:
you
73.2%
Word:
you.
73.2%
Word:
under
65.9%
Word:
willow
65.9%
Word:
soft
65.9%
Word:
pillow
65.9%
Word:
warm
65.9%
Word:
warm
65.9%
Word:
green
63.4%
Word:
your
63.4%
Word:
your
63.4%
Word:
safe
63.4%
Word:
your
63.4%
Word:
your
63.4%
Hint
Answer
% Correct
Word:
safe
63.4%
Word:
Here
61%
Word:
it
61%
Word:
here
61%
Word:
it
61%
Word:
here
61%
Word:
here
61%
Word:
here
61%
Word:
here
61%
Word:
it
61%
Word:
here
61%
Word:
it
61%
Word:
here
61%
Word:
here
61%
Word:
here
61%
Word:
of
58.5%
Word:
of
58.5%
Word:
bed
56.1%
Word:
grass
56.1%
Word:
lay
56.1%
Word:
head
56.1%
Word:
eyes
56.1%
Word:
sun
56.1%
Word:
daisies
56.1%
Word:
guard
56.1%
Word:
love
56.1%
Word:
lay
56.1%
Word:
daisies
56.1%
Word:
guard
56.1%
Word:
love
56.1%
Word:
close
53.7%
Word:
when
53.7%
Word:
harm
53.7%
Word:
where
53.7%
Word:
when
53.7%
Word:
it's
53.7%
Word:
harm
53.7%
Word:
where
53.7%
Word:
down
51.2%
Word:
they
51.2%
Word:
rise
51.2%
Word:
every
51.2%
Word:
place
51.2%
Hint
Answer
% Correct
Word:
every
51.2%
Word:
place
51.2%
Word:
sleepy
48.8%
Word:
is
48.8%
Word:
is
48.8%
Word:
from
48.8%
Word:
are
48.8%
Word:
is
48.8%
Word:
is
48.8%
Word:
is
48.8%
Word:
from
48.8%
Word:
are
48.8%
Word:
is
48.8%
Word:
open
46.3%
Word:
sweet
43.9%
Word:
tomorrow
43.9%
Word:
them
43.9%
Word:
true
43.9%
Word:
moonbeam
43.9%
Word:
sweet
43.9%
Word:
tomorrow
43.9%
Word:
them
43.9%
Word:
true
43.9%
Word:
again
41.5%
Word:
dreams
41.5%
Word:
brings
41.5%
Word:
away
41.5%
Word:
again
41.5%
Word:
away
41.5%
Word:
dreams
41.5%
Word:
brings
41.5%
Word:
far
39%
Word:
hidden
36.6%
Word:
ray
36.6%
Word:
let
36.6%
Word:
cloak
34.1%
Word:
leaves
34.1%
Word:
troubles
34.1%
Word:
they'll
34.1%
Word:
wash
34.1%
Word:
forget
31.7%
Word:
woes
31.7%
Word:
morning
29.3%
Quiz Playlist
Details
Report
Send in Message
Add To Playlist
Classic:
Type in answers that appear in a list
Random Order:
Randomize order of answers
Last Updated: Feb 16, 2017
Quiz Scoreboard
CHALLENGE
Sign Up to Join the Scoreboard
Show All
Scores
Hide
Comments
May contain spoilers
Recently Published
1-10 Letter E Words III
by El_Dandy
Language
2m
Street Fighter Characters
by Artimus82
Gaming
60s
College Basketball Coaching Resumes
by pancakes188
Sports
9m
More to Explore
Quiz From the Vault
Featured Blog Post
Where Did the Easter Bunny Come From?
hide this ad
You Might Also Like...
Tags
Hunger
Today's Top Quizzes in Music
Browse Music
hide this ad
Today's Top Quizzes in Hunger
Browse Hunger
Top Contributed Quizzes in Music
1
Taylor Swift All Songs (2024)
2
Taylor Swift Logic Puzzle
3
Guess the Artist- 70s Songs
4
7-to-1: Billboard Hot 100 #1 Hits of 2010s
5
Sorting Albums and Songs
6
KPOP LOGIC QUIZ
7
Billboard Blitz: Aretha Franklin
8
Guess the Taylor Swift song (Mystery Song)
9
Guess The Taylor Swift Lyrics Song #1
10
Billboard Blitz: ABBA
Explore More
Trending Topics
Disney
Crossword
Marvel
NBA
Anime
Kpop
Harry Potter
Country
Puzzle
Soccer
NFL
Song
The Office
WWE
Pokémon
hide this ad
More By:
percyj13
Quiz
Plays
Rating
Category
Featured
Created
Harry Potter all eight: Who said it?
45,835
1.55
Movies
Sep 2, 2015
Who said it? Percy Jackson All 10 Books
8,681
2.33
Literature
Oct 8, 2015
Harry Potter- follow that line
4,769
1.71
Movies
Jul 22, 2015
High School Musical: Who said it?
3,469
1.71
Movies
Sep 6, 2015
Percy Jackson
2,221
2.75
Literature
Oct 21, 2015
Go to Creator's Profile
Score Distribution
Quiz Creator Spotlight
percyj13
Follow
Send a Message
Quizzes Created
-
Created Quiz Play Count
-
More By This Creator
Popular Quizzes Today
1
Find the US States - No Outlines Minefield
2
Find the Countries of Europe - No Outlines Minefield
3
The Countries of the World
4
Find the US States
5
Risky Map Clicking: Biggest States A-Z
6
US States
7
Popular People in 1961
8
Movies - When Are They Set?
More Music Quizzes
Famous Duets Matchmaker
Published
Trending Quizzes
Risky Map Clicking: Least Populous States A-Z
1-10 Letter G Words
USA Borders Longest to Shortest
1-10 Letter F Words
Countries of the World: 200 Million BC
Recently Updated
Leaping Animals
pecheneg
Reality TV Shows (A-Z)
bhenderson79
Rickey Henderson's Hall of Fame Teammates
pecheneg
Champions League XIs: Arsenal
pecheneg
Quick Pick: Celebrities in WWE's Hall of Fame
aduchscher
A-Z Keypad Blitz II
pecheneg
Multiple Oscar Actors
pecheneg
Mystery Phrase Blitz: Oscar 'Best Actors'
pecheneg
F. Scott Fitzgerald Novels
LTH
Pick 3 Villains
ddd62291
Trending Topics
Anime
Kpop
Harry Potter
NBA
Disney
Marvel
Crossword
NFL
Puzzle
Country
The Office
WWE
Soccer
Pokémon
Song
Your Account Isn't Verified!
In order to create a playlist on Sporcle, you need to verify the email address you used during registration. Go to your
Sporcle Settings
to finish the process.
Report this User
Report this user for behavior that violates our
Community Guidelines
.
Details:
Send Report
Go to the Sporcle.com Mobile Site →
Comments